Thermodynamics (Record no. 8344)

000 -LEADER
fixed length control field 00603nam a2200217 i 4500
001 - CONTROL NUMBER
control field 8344
003 - CONTROL NUMBER IDENTIFIER
control field BD-DhUET
008 - FIXED-LENGTH DATA ELEMENTS--GENERAL INFORMATION
fixed length control field 770308s1978 nyua b 001 0 eng
020 ## - INTERNATIONAL STANDARD BOOK NUMBER
International Standard Book Number 0023355301
040 ## - CATALOGING SOURCE
Original cataloging agency DLC
Transcribing agency DLC
Modifying agency BD-DhUET
082 ## - DEWEY DECIMAL CLASSIFICATION NUMBER
Classification number 621.01
Item number FAI/1970
100 ## - MAIN ENTRY--PERSONAL NAME
Personal name Faires, Virgil Moring
245 10 - TITLE STATEMENT
Title Thermodynamics
Statement of responsibility, etc. by Virgil Moring Faires and Clifford Max Simmang
250 ## - EDITION STATEMENT
Edition statement 6th ed.
260 ## - PUBLICATION, DISTRIBUTION, ETC. (IMPRINT)
Place of publication, distribution, etc. New York
Name of publisher, distributor, etc. Macmillan
Date of publication, distribution, etc. 1970
300 ## - PHYSICAL DESCRIPTION
Extent xxiii, 647 p.
Other physical details ill.
Dimensions 26 cm.
504 ## - BIBLIOGRAPHY, ETC. NOTE
Bibliography, etc Includes bibliographies
650 #0 - SUBJECT ADDED ENTRY--TOPICAL TERM
Topical term or geographic name as entry element Thermodynamics
700 ## - ADDED ENTRY--PERSONAL NAME
Personal name Simmang, Clifford Max
942 ## - ADDED ENTRY ELEMENTS (KOHA)
Koha item type General Book
Holdings
Date acquired Location (home branch) Koha date last seen Withdrawn status Price effective from Koha full call number Copy number Koha normalized classification for sorting Koha item type Source of classification or shelving scheme Sublocation or collection (holding branch) Damaged status Lost status Piece designation (barcode) Not for loan Shelving location
2015-01-20Central Library, BUET2015-01-20 2015-01-20621.01/FAI/19781621_010000000000000_FAI_1978General Book Central Library, BUET  42943 Circulation section
1985-06-11Central Library, BUET2024-12-11 2024-12-11621.01 FAI/1970৬/ক-১621_010000000000000_FAI_1970Rental Item Central Library, BUET  63135 Rental section
1985-06-11Central Library, BUET2024-12-11 2024-12-11621.01 FAI/1970৬/ক-২621_010000000000000_FAI_1970Rental Item Central Library, BUET  63136 Rental section
1985-06-11Central Library, BUET2024-12-11 2024-12-11621.01 FAI/1970৬/ক-৩621_010000000000000_FAI_1970Rental Item Central Library, BUET  63137 Rental section
1985-06-11Central Library, BUET2024-12-11 2024-12-11621.01 FAI/1970৬/ক-৪621_010000000000000_FAI_1970Rental Item Central Library, BUET  63138 Rental section
1985-06-11Central Library, BUET2024-12-11 2024-12-11621.01 FAI/1970৬/ক-৫621_010000000000000_FAI_1970Rental Item Central Library, BUET  63139 Rental section
1985-06-11Central Library, BUET2024-12-11 2024-12-11621.01 FAI/1970৬/ক-৬621_010000000000000_FAI_1970Rental Item Central Library, BUET  63140 Rental section
1985-06-11Central Library, BUET2024-12-11 2024-12-11621.01 FAI/1970৬/ক-৭621_010000000000000_FAI_1970Rental Item Central Library, BUET  63141 Rental section
1985-06-11Central Library, BUET2024-12-11 2024-12-11621.01 FAI/1970৬/ক-৮621_010000000000000_FAI_1970Rental Item Central Library, BUET  63142 Rental section
1985-06-11Central Library, BUET2024-12-11 2024-12-11621.01 FAI/1970৬/ক-৯621_010000000000000_FAI_1970Rental Item Central Library, BUET  63143 Rental section
1985-06-11Central Library, BUET2024-12-11 2024-12-11621.01 FAI/1970৬/ক-১০621_010000000000000_FAI_1970Rental Item Central Library, BUET  63144 Rental section
1985-06-11Central Library, BUET2024-12-11 2024-12-11621.01 FAI/1970৬/ক-১১621_010000000000000_FAI_1970Rental Item Central Library, BUET  63145 Rental section
1985-06-11Central Library, BUET2024-12-11 2024-12-11621.01 FAI/1970৬/ক-১২621_010000000000000_FAI_1970Rental Item Central Library, BUET  63146 Rental section
1985-06-11Central Library, BUET2024-12-11 2024-12-11621.01 FAI/1970৬/ক-১৩621_010000000000000_FAI_1970Rental Item Central Library, BUET  63147 Rental section
1985-06-11Central Library, BUET2024-12-11 2024-12-11621.01 FAI/1970৬/ক-১৪621_010000000000000_FAI_1970Rental Item Central Library, BUET  63148 Rental section
1985-06-11Central Library, BUET2024-12-11 2024-12-11621.01 FAI/1970৬/ক-১৫621_010000000000000_FAI_1970Rental Item Central Library, BUET  63149 Rental section
1985-06-11Central Library, BUET2024-12-11 2024-12-11621.01 FAI/1970৬/ক-১৬621_010000000000000_FAI_1970Rental Item Central Library, BUET  63150 Rental section
1985-06-11Central Library, BUET2024-12-11 2024-12-11621.01 FAI/1970৬/ক-১৭621_010000000000000_FAI_1970Rental Item Central Library, BUET  63151 Rental section
1985-06-11Central Library, BUET2024-12-11 2024-12-11621.01 FAI/1970৬/ক-১৮621_010000000000000_FAI_1970Rental Item Central Library, BUET  63152 Rental section
1985-06-11Central Library, BUET2024-12-11 2024-12-11621.01 FAI/1970৬/ক-১৯621_010000000000000_FAI_1970Rental Item Central Library, BUET  63153 Rental section
1985-06-11Central Library, BUET2024-12-11 2024-12-11621.01 FAI/1970৬/ক-২০621_010000000000000_FAI_1970Rental Item Central Library, BUET  63154 Rental section